|
|
|
|
| LEADER |
00000ntm a22000007u 4500 |
| 001 |
zp48102 |
| 041 |
|
|
|a cze
|
| 100 |
1 |
|
|a Dvořák, Antonín
|4 dis
|
| 245 |
1 |
0 |
|a Statistika úrazovosti ve vybraných organizacích Jihočeského kraje
|
| 246 |
|
|
|a Statistics of Injuries in Selected Organizations of the South Bohemian Region
|
| 260 |
|
|
|c 2018
|
| 300 |
|
|
|a 60 s.
|
| 500 |
|
|
|a Studijní obor: Ovládání rizik
|
| 500 |
|
|
|a Studijní obor: Risk Control
|
| 500 |
|
|
|a Ústav: Ústav krizového řízení
|
| 500 |
|
|
|a Univerzita Tomáše Bati ve Zlíně. Fakulta logistiky a krizového řízení
|
| 500 |
|
|
|a Tomas Bata University in Zlín. Faculty of Logistics and Crisis Management
|
| 506 |
|
|
|a Bez omezení
|
| 653 |
|
|
|a úrazovost
|
| 653 |
|
|
|a bezpečnost
|
| 653 |
|
|
|a ochrana zdraví
|
| 653 |
|
|
|a analýza dat
|
| 653 |
|
|
|a pracoviště
|
| 653 |
|
|
|a Accident rate
|
| 653 |
|
|
|a safety
|
| 653 |
|
|
|a health protection
|
| 653 |
|
|
|a analysis of data
|
| 653 |
|
|
|a workplace
|
| 655 |
|
4 |
|a bakalářská práce
|
| 700 |
1 |
|
|a Vargová, Slavomíra
|4 ths
|
| 710 |
2 |
|
|a Univerzita Tomáše Bati ve Zlíně. Fakulta logistiky a krizového řízení
|4 dgg
|
| 710 |
2 |
|
|a Tomas Bata University in Zlín. Faculty of Logistics and Crisis Management
|4 dgg
|
| 856 |
4 |
0 |
|u http://hdl.handle.net/10563/42961
|y Plný text v Digitální knihovně UTB
|